Observación de bebés: relaciones emocionales en el primer año de vida
Sparad:
| Huvudupphovsman: | |
|---|---|
| Materialtyp: | Bok |
| Språk: | spanska |
| Publicerad: |
Barcelona
Paidos
1991
|
| Serie: | Paidos Educador, 3
|
| Ämnen: | |
| Taggar: |
Lägg till en tagg
Inga taggar, Lägg till första taggen!
|
MARC
| LEADER | 00000nam a2200000 a 4500 | ||
|---|---|---|---|
| 001 | UCW7830 | ||
| 003 | CL-VaPUC | ||
| 008 | 930914e19910000SP |||||||||||||||||spa|d | ||
| 082 | 0 | 4 | |a 155.41 |b PER |2 21 |
| 100 | 0 | |a Pérez-Sánchez, M |e author |9 313057 | |
| 245 | 1 | 0 | |a Observación de bebés: relaciones emocionales en el primer año de vida |
| 300 | |a 219 p | ||
| 942 | |c BK | ||
| 945 | |d 19930914 00:00:00 | ||
| 260 | |a Barcelona |b Paidos |c 1991 | ||
| 650 | 0 | |a Psicología del niño |9 307305 | |
| 650 | 0 | |a Desarrollo emocional |9 313058 | |
| 583 | |a last modification |c 20130106 11:22:00 |k Rodrigo Vera | ||
| 490 | 0 | |a Paidos Educador, 3 | |
| 999 | |c 220489 |d 220487 | ||
| 952 | |0 0 |1 0 |4 0 |6 155_410000000000000_PER_1991 |7 0 |8 A |9 212788 |a BIBEDU |b BIBEDU |d 2019-11-15 |i 2809346 |o 155.41 PER 1991 |p 2809346 |r 2019-11-15 |w 2019-11-15 |y BK |k EDU | ||